000 01323nam a2200265Ia 4500
003 OSt
005 20220930094745.0
006 a|||||r|||| 00| 0
007 ta
008 220926b |||||||| |||| 00| 0 hin d
024 _a10739
037 _cTheses
040 _aCRL
_cCRL
_bhin
041 _2hin
_ahin
100 _aसैनी, वरूणा, ले.
110 _aदिल्ली विश्वविद्यालय. संगीत एवं ललित कला संकाय. संगीत विभाग
_9556213
245 0 _aहिन्दुस्तानी शास्त्रीय संगीत की प्रमुख वार्षिक संगीत प्रतियोगिताओं का विश्लेषणात्मक अध्ययन
246 _aHindustānī shāstrīya sangīt kī pramukh vārṣhik sangīt pratiyogitāoan kā vishleṣhaṇātmak adhyayana
260 _c2012
300 _a239पृ0
_ap.
_ccm.
650 _aभारतीय संगीत
700 _aदिल्ली विश्वविद्यालय. संगीत एवं ललित कला संकाय. संगीत विभाग
_9556214
942 _cDIS
_2CC
999 _c887624
_d887624